000 00336nam a2200145Ia 4500
008 150201s2005 xx 000 0 und d
082 _a611
_bH2005S
100 _aSINGH,INDERBIR
245 _aHUMAN EMBRYOLOGY
250 _a7TH
260 _bMACMILLAN
_aU.S.A
_c2005
300 _a1-391
650 _aHUMAN EMBRYOLOGY
942 _2ddc
_cBK
999 _c3985
_d3985